El chimpacé y los orígenes de la cultura / (Record no. 136202)

MARC details
000 -LEADER
campo de control de longitud fija 00532nam a2200181 4500
001 - NÚMERO DE CONTROL
campo de control 136202
003 - IDENTIFICADOR DE NÚMERO DE CONTROL
campo de control ES-MaACL
007 - CAMPO FIJO DE DESCRIPCIÓN FÍSICA--INFORMACIÓN GENERAL
campo de control de longitud fija t|
008 - DATOS DE LONGITUD FIJA--INFORMACIÓN GENERAL
campo de control de longitud fija 070214s1968 sp r ||||1| spa d
100 1# - ENTRADA PRINCIPAL--NOMBRE DE PERSONA
Nombre de persona Sabater Pi, J.
9 (RLIN) 101178
245 13 - MENCIÓN DEL TÍTULO
Título El chimpacé y los orígenes de la cultura /
Mención de responsabilidad, etc. J. Sabater Pi.
260 ## - PUBLICACIÓN, DISTRIBUCIÓN, ETC.
Lugar de publicación, distribución, etc. Barcelona :
Nombre del editor, distribuidor, etc. Anthropos,
Fecha de publicación, distribución, etc. 1978.
300 ## - DESCRIPCIÓN FÍSICA
Extensión 124 p. :
Otras características físicas il. ;
Dimensiones 21 cm.
490 1# - MENCIÓN DE SERIE
Mención de serie Temas antropológicos
830 0# - PUNTO DE ACCESO ADICIONAL DE SERIE-TÍTULO UNIFORME
Título uniforme Temas antropológicos
9 (RLIN) 182724
852 ## - LOCALIZACIÓN
Ubicación ES-MaACL
Número de control de estantería L-4326
Sublocalización o colección R.105238
Holdings
Estatus retirado Estado de pérdida Estado de daño No para préstamo Biblioteca de origen Biblioteca actual Ubicación en estantería Fecha de adquisición Fuente de adquisición Total de préstamos Signatura topográfica completa Código de barras Visto por última vez Precio de reemplazo Tipo de ítem Koha
        Biblioteca del Ateneo de Madrid Biblioteca del Ateneo de Madrid Depósito 2 17/01/2008     L-4326 1141751 23/02/2023 23/02/2023 Libro impreso